000 00324nam a2200133Ia 4500
005 20251222143153.0
008 251222s9999||||xx |||||||||||||| ||spa||
020 _a958-648-374-6
082 _a371.89/T64
100 _aTobón Tobón, Sergio
245 0 _aFormación Basada en Competencias:
264 _bEcoe
942 _cLIB
999 _c12757
_d12757